| 000 -LEADER |
| fixed length control field |
01109nam a22001817a 4500 |
| 005 - DATE AND TIME OF LATEST TRANSACTION |
| control field |
20241204151001.0 |
| 008 - FIXED-LENGTH DATA ELEMENTS--GENERAL INFORMATION |
| fixed length control field |
230712b ||||| |||| 00| 0 eng d |
| 040 ## - CATALOGING SOURCE |
| Transcribing agency |
SSBUL |
| 082 ## - DEWEY DECIMAL CLASSIFICATION NUMBER |
| Edition number |
23 |
| Classification number |
၃၂၀.၉၅၉၁ ရဲ |
| Item number |
၁၆၁၃၉ (S-SAT) |
| 100 ## - MAIN ENTRY--PERSONAL NAME |
| Personal name |
ရဲခေါင်ကျော်စွာ။ |
| 9 (RLIN) |
27799 |
| 245 ## - TITLE STATEMENT |
| Title |
ပြည်တွင်းငြိမ်းချမ်းရေးကို နိုင်ငံရေးနည်းနှင့်ဖြေရှင်းကြသည်ဆိုရာဝယ်(ဒုတိယတွဲ)/ |
| Statement of responsibility, etc. |
ရဲခေါင်ကျော်စွာ။ |
| 260 ## - PUBLICATION, DISTRIBUTION, ETC. |
| Place of publication, distribution, etc. |
ရန်ကုန်၊ |
| Name of publisher, distributor, etc. |
[ထုတ်ဝေသူမပါ]၊ |
| Date of publication, distribution, etc. |
၁၉၁၁။ |
| 300 ## - PHYSICAL DESCRIPTION |
| Extent |
၁၃၀ စာမျက်နှာ၊ |
| Other physical details |
ဓာတ်ပုံများ၊ |
| Dimensions |
၂၃ စင်တီ။ |
| 500 ## - GENERAL NOTE |
| General note |
S-SAT: Dr. Sai Aung Tun Collection |
| 650 ## - SUBJECT ADDED ENTRY--TOPICAL TERM |
| Topical term or geographic name entry element |
မြန်မာနိုင်ငံ |
| Form subdivision |
နိုင်ငံရေးနှင့်အစိုးရ။ |
| 9 (RLIN) |
27800 |
|
| Topical term or geographic name entry element |
မြန်မာနိုင်ငံ |
| Form subdivision |
သမိုင်း။ |
| 942 ## - ADDED ENTRY ELEMENTS (KOHA) |
| Source of classification or shelving scheme |
|
| Koha item type |
Book (Short term) |